I Congreso Internacional de Historia de la Medicina Catalana
Publicado:
San Jorge, núm. 78 (2n trimestre 1970), pàg 127 :
Materias:
Medicina -- Congressos
MARC
| LEADER | 00000nam a2200000Ia 4500 | ||
|---|---|---|---|
| 001 | |||
| 008 | 160829s9999 xx 000 0 cat d | ||
| 245 | |a I Congreso Internacional de Historia de la Medicina Catalana | ||
| 260 | |a San Jorge, núm. 78 (2n trimestre 1970), pàg 127 | ||
| 650 | |a Medicina |x Congressos |9 40339 | ||
| 700 | |a Congreso Internacional de Historia de la Medicina Catalana (1r : 1970 : Barcelona) |9 40340 | ||
| 901 | |a Arxiu | ||
| 942 | |n 1 | ||
| 952 | |0 0 |1 0 |4 0 |7 1 |9 49605 |a Arxiu |b Arxiu |d 2016-12-01 |l 0 |r 2016-12-01 00:00:00 |w 2016-12-01 |y ARXIU | ||
| 999 | |c 53447 |d 53447 | ||